[Event "BL 0910 SC Eppingen - OSG Baden Baden"]
[Site "?"]
[Date "2009.12.13"]
[Round "6.7"]
[White "Gustafsson, Jan"]
[Black "Medvegy, Zoltan"]
[Result "1/2-1/2"]
[WhiteElo "2622"]
[BlackElo "2556"]
[PlyCount "43"]
[EventDate "2009.??.??"]

1. d4 Nf6 2. c4 e6 3. Nf3 b6 4. g3 Bb7 5. Bg2 Be7 6. O-O O-O 7. Re1 Na6 8. Ne5
Bxg2 9. Kxg2 d6 10. Nc6 Qd7 11. d5 Nb8 12. Nxe7+ Qxe7 13. e4 c6 14. Nc3 cxd5
15. cxd5 e5 16. Bg5 Nbd7 17. Qf3 h6 18. Bxf6 Nxf6 19. Rec1 Qd7 20. Qd3 Rfc8 21.
f3 Rc7 22. Nb5 1/2-1/2

[Event "BL 0910 SC Eppingen - OSG Baden Baden"]
[Site "?"]
[Date "2009.12.13"]
[Round "6.8"]
[White "Guliyev, Namig"]
[Black "Dautov, Rustem"]
[Result "0-1"]
[WhiteElo "2525"]
[BlackElo "2596"]
[PlyCount "112"]
[EventDate "2009.??.??"]

1. e4 c6 2. d4 d5 3. Nc3 dxe4 4. Nxe4 Bf5 5. Ng3 Bg6 6. Nh3 e6 7. Nf4 Qc7 8. c3
Nf6 9. h4 Bd6 10. Qf3 Nbd7 11. h5 Bc2 12. h6 g6 13. Bd3 Bxd3 14. Nxd3 Qa5 15.
Bf4 Bxf4 16. Qxf4 O-O-O 17. Ne4 Nxe4 18. Qxe4 Rhe8 19. O-O Qg5 20. Qe3 Qxe3 21.
fxe3 f5 22. Rae1 Nf6 23. Ne5 Re7 24. g4 Nxg4 25. Nxg4 fxg4 26. Rf4 e5 27. Rxg4
exd4 28. cxd4 Rd5 29. Kg2 Rh5 30. e4 Rxh6 31. Rf1 Rh5 32. e5 Kd7 33. b4 Ke6 34.
Rf6+ Kd5 35. b5 Rd7 36. bxc6 bxc6 37. Rgf4 c5 38. e6 Re7 39. dxc5 Re5 40. Ra4
R5xe6 41. Rxe6 Kxe6 42. Kf3 Kd5 43. Ra5 Kc6 44. Kf4 Rf7+ 45. Ke4 g5 46. Ra6+
Kb5 47. Re6 g4 48. c6 Kb6 49. Kd5 Kc7 50. Re3 Rg7 51. Rb3 Rg5+ 52. Ke4 g3 53.
Rb1 g2 54. Rg1 Kxc6 55. Kf3 Kb5 56. Kf2 Ka4 0-1

[Event "BL 0910 SG Turm Trier - H.Handschuhshei"]
[Site "?"]
[Date "2009.12.13"]
[Round "6.1"]
[White "Ikonnikov, Viacheslav"]
[Black "Lupulescu, Constantin"]
[Result "1/2-1/2"]
[WhiteElo "2558"]
[BlackElo "2599"]
[PlyCount "49"]
[EventDate "2009.??.??"]

1. d4 Nf6 2. Nf3 g6 3. c4 Bg7 4. Nc3 d5 5. cxd5 Nxd5 6. e4 Nxc3 7. bxc3 c5 8.
Be3 Qa5 9. Qd2 O-O 10. Rc1 cxd4 11. cxd4 Qxd2+ 12. Kxd2 Rd8 13. Bb5 Nc6 14.
Bxc6 bxc6 15. Rc5 f5 16. Rb1 Be6 17. exf5 Bxf5 18. Rb7 Rdb8 19. Rxb8+ Rxb8 20.
Kc3 Be4 21. Ne5 Rb5 22. Rxb5 cxb5 23. f3 Bd5 24. Kb4 Bxe5 25. dxe5 1/2-1/2

[Event "BL 0910 SG Turm Trier - H.Handschuhshei"]
[Site "?"]
[Date "2009.12.13"]
[Round "6.2"]
[White "Bobras, Piotr"]
[Black "Svetushkin, Dmitry"]
[Result "1/2-1/2"]
[WhiteElo "2537"]
[BlackElo "2570"]
[PlyCount "97"]
[EventDate "2009.??.??"]

1. e4 e5 2. Nf3 Nc6 3. Bb5 Nf6 4. O-O Bc5 5. Nxe5 Nxe4 6. Qe2 Nxe5 7. d4 Qe7 8.
Qxe4 Nc6 9. Qxe7+ Bxe7 10. c3 a6 11. Bd3 d6 12. Re1 Be6 13. Na3 Kd7 14. Nc2 d5
15. b4 Bd6 16. a4 a5 17. b5 Ne7 18. Ba3 Nc8 19. Ne3 Bxa3 20. Rxa3 Nd6 21. f3 g5
22. Kf2 h5 23. c4 dxc4 24. d5 cxd3 25. dxe6+ fxe6 26. Rxd3 Rhd8 27. Rc3 Rac8
28. Rc5 Nf7 29. Nc4 b6 30. Rc6 Re8 31. Ne5+ Ke7 32. Nxf7 Kxf7 33. Rec1 Re7 34.
Rxb6 Rd8 35. Rbc6 Rd2+ 36. Kg3 Ra2 37. R1c4 Kf6 38. Re4 Kf5 39. b6 cxb6 40.
Rxb6 Rd2 41. Rb5+ Kf6 42. Rxa5 Rc7 43. Ra6 Rcc2 44. Raxe6+ Kf7 45. Re7+ Kf6 46.
R4e6+ Kf5 47. Re5+ Kf6 48. R5e6+ Kf5 49. Re5+ 1/2-1/2

[Event "BL 0910 SG Turm Trier - H.Handschuhshei"]
[Site "?"]
[Date "2009.12.13"]
[Round "6.3"]
[White "Ginsburg, Gennadi"]
[Black "Cyborowski, Lukasz"]
[Result "1/2-1/2"]
[WhiteElo "2537"]
[BlackElo "2503"]
[PlyCount "142"]
[EventDate "2009.??.??"]

1. e4 c5 2. Nf3 Nc6 3. d4 cxd4 4. Nxd4 g6 5. c4 Bg7 6. Be3 d6 7. Nc3 Nf6 8. Be2
O-O 9. Qd2 Bd7 10. f3 Nxd4 11. Bxd4 a5 12. O-O Bc6 13. Rfd1 Nd7 14. Be3 Nc5 15.
Rab1 Qb6 16. Bf1 Rfc8 17. Rdc1 Qd8 18. b3 Qf8 19. Nd5 Qd8 20. Bg5 Bxd5 21. exd5
Qf8 22. Re1 Re8 23. a3 Nd7 24. Re2 h6 25. Be3 Kh7 26. Ree1 Qh8 27. Rec1 Rec8
28. Bf2 Bf6 29. b4 axb4 30. axb4 b6 31. f4 Ra3 32. Be2 Rc7 33. Rc2 Rca7 34. g3
Bc3 35. Qd1 R3a4 36. f5 Bxb4 37. fxg6+ fxg6 38. Kg2 Bc5 39. Be1 Qd4 40. Bc3
Qxd1 41. Rxd1 Nf6 42. h3 Ne4 43. Bd3 Nxc3 44. Rxc3 Kg7 45. Rc2 Ra2 46. Re1
Rxc2+ 47. Bxc2 Bd4 48. Re6 Bf6 49. Kf3 Ra3+ 50. Re3 Ra2 51. Bd3 Be5 52. g4 Kf6
53. Re2 Ra3 54. Re3 Ra1 55. Kg2 Ra2+ 56. Re2 Ra3 57. Rf2+ Kg5 58. Rf3 Ra2+ 59.
Rf2 Ra1 60. Rf3 Rd1 61. Kf2 Rd2+ 62. Kf1 Rb2 63. Rf2 Rb3 64. Rf3 Kh4 65. Kg2
Rb2+ 66. Rf2 Rb3 67. Rf3 g5 68. Bf1 Rb1 69. Rf7 Rb2+ 70. Rf2 Rb3 71. Rf3 Rxf3
1/2-1/2

[Event "BL 0910 SG Turm Trier - H.Handschuhshei"]
[Site "?"]
[Date "2009.12.13"]
[Round "6.4"]
[White "Haslinger, Stewart"]
[Black "Gurevic, Vladimir"]
[Result "1-0"]
[WhiteElo "2529"]
[BlackElo "2470"]
[PlyCount "55"]
[EventDate "2009.??.??"]

1. e4 c5 2. Nf3 d6 3. d4 cxd4 4. Nxd4 Nf6 5. Nc3 a6 6. h3 e6 7. g4 b5 8. Bg2
Bb7 9. O-O Qc7 10. Re1 Nfd7 11. a4 bxa4 12. Nd5 Qd8 13. Rxa4 Nc6 14. Bg5 Qxg5
15. Nc7+ Ke7 16. e5 d5 17. Nxa8 Nc5 18. h4 Qg6 19. h5 Qg5 20. Nxc6+ Bxc6 21.
Ra5 Kd7 22. b4 Nb7 23. Rxa6 Bxb4 24. c3 Bc5 25. Rxc6 Bxf2+ 26. Kxf2 Qf4+ 27.
Kg1 Kxc6 28. Re4 1-0

[Event "BL 0910 SG Turm Trier - H.Handschuhshei"]
[Site "?"]
[Date "2009.12.13"]
[Round "6.5"]
[White "Gerigk, Erasmus"]
[Black "Jaracz, Pawel"]
[Result "0-1"]
[WhiteElo "2335"]
[BlackElo "2547"]
[PlyCount "120"]
[EventDate "2009.??.??"]

1. e4 c6 2. d4 d5 3. e5 Bf5 4. Nc3 e6 5. g4 Bg6 6. Nge2 f6 7. h4 fxe5 8. h5 Bf7
9. dxe5 Nd7 10. f4 Qb6 11. Rh3 Nh6 12. Ng3 O-O-O 13. Bd2 c5 14. b3 Ng8 15. Qf3
a6 16. Qf2 Ne7 17. O-O-O Qc7 18. Kb1 Nc6 19. Nge2 h6 20. Bc1 Nb6 21. Bg2 Be7
22. Ba3 Nb4 23. Bb2 Rhf8 24. Qg3 d4 25. Ne4 N6d5 26. Rd2 Ne3 27. Nc1 Nxg2 28.
Rxg2 Be8 29. Nd3 Nd5 30. Rf2 c4 31. bxc4 Qxc4 32. Nc1 Ne3 33. Nb3 Bc6 34. Nd6+
Bxd6 35. exd6 Nd1 36. Rd2 Qf1 37. Bc1 Nc3+ 38. Kb2 Ne4 39. Qd3 Nxd2 40. Bxd2
Rxf4 41. Bxf4 Qxf4 42. Qxd4 Qxd4+ 43. Nxd4 Rxd6 44. Kc3 Bd5 45. a3 Rd7 46. Re3
Rc7+ 47. Kd3 Kd7 48. g5 Bc4+ 49. Kd2 Rc5 50. gxh6 gxh6 51. Rh3 Kd6 52. Rh4 Rg5
53. Rh3 Bd5 54. Ke3 e5 55. Ne2 Rg4 56. Nc3 Bc6 57. Nd1 Ke6 58. Nf2 Rg2 59. c3
Kf5 60. Nd3 Kg4 0-1

[Event "BL 0910 SG Turm Trier - H.Handschuhshei"]
[Site "?"]
[Date "2009.12.13"]
[Round "6.6"]
[White "Erdoes, Viktor"]
[Black "Maier, Christian"]
[Result "1-0"]
[WhiteElo "2591"]
[BlackElo "2350"]
[PlyCount "107"]
[EventDate "2009.??.??"]

1. d4 Nf6 2. c4 g6 3. Nc3 Bg7 4. e4 d6 5. f3 O-O 6. Be3 a6 7. Qd2 c5 8. Nge2
Nc6 9. Rd1 Nd7 10. Bh6 Bxd4 11. Bxf8 Nxf8 12. Nxd4 Nxd4 13. Bd3 e5 14. O-O Nfe6
15. Nd5 b5 16. f4 exf4 17. Nxf4 Qg5 18. Nd5 Qxd2 19. Rxd2 Kf8 20. Rdf2 Nd8 21.
Nf6 h5 22. Nd5 Kg7 23. Nc7 Rb8 24. Ne8+ Kf8 25. Nxd6 Be6 26. e5 Ke7 27. b3 N4c6
28. Re1 Nd4 29. cxb5 axb5 30. Rc1 c4 31. bxc4 b4 32. Nb5 N8c6 33. Nxd4 Nxd4 34.
Rb2 Nc6 35. Re1 Rd8 36. Be4 Nxe5 37. Rxb4 Rd2 38. Bd5 Nd3 39. Rb7+ Kd6 40. Ra1
Nf4 41. Bf3 Bxc4 42. a4 Ne2+ 43. Bxe2 Rxe2 44. Rb6+ Ke7 45. Rbb1 Kf8 46. Rf1
Kg7 47. Rf2 Re6 48. a5 Re7 49. Rc2 Ba6 50. Rc6 Ra7 51. Rb6 Kh6 52. Kf2 Kg5 53.
Rc1 f6 54. Rc5+ 1-0

[Event "BL 0910 SG Turm Trier - H.Handschuhshei"]
[Site "?"]
[Date "2009.12.13"]
[Round "6.7"]
[White "Vatter, Hans-Joachim"]
[Black "Flumbort, Andras"]
[Result "0-1"]
[WhiteElo "2321"]
[BlackElo "2513"]
[PlyCount "58"]
[EventDate "2009.??.??"]

1. e4 c5 2. Nf3 d6 3. d4 cxd4 4. Nxd4 Nf6 5. Nc3 e6 6. h3 Nc6 7. g4 h6 8. Bg2
Bd7 9. Be3 a6 10. f4 Be7 11. Qe2 Rc8 12. Nxc6 Bxc6 13. O-O-O Nd7 14. h4 b5 15.
Qf2 b4 16. Ne2 Nf6 17. Bb6 Qd7 18. Qd4 Qb7 19. Ng3 e5 20. fxe5 dxe5 21. Qxe5
Qxb6 22. Nf5 Qc7 23. Nd6+ Kf8 24. g5 Bxd6 25. Rxd6 Ne8 26. Rhd1 Nxd6 27. Rxd6
hxg5 28. Qc5 Kg8 29. hxg5 Rh2 0-1

[Event "BL 0910 SG Turm Trier - H.Handschuhshei"]
[Site "?"]
[Date "2009.12.13"]
[Round "6.8"]
[White "Cioara, Andrei Nestor"]
[Black "Nippgen, Georg"]
[Result "1-0"]
[WhiteElo "2415"]
[BlackElo "2249"]
[PlyCount "59"]
[EventDate "2009.??.??"]

1. d4 Nf6 2. c4 e6 3. g3 Bb4+ 4. Bd2 a5 5. Bg2 d5 6. Nf3 dxc4 7. Qc2 b5 8. Ne5
Ra6 9. a4 c6 10. e3 O-O 11. Nc3 Qb6 12. O-O Ra7 13. f4 Ba6 14. g4 Bd6 15. g5
Nd5 16. Rf3 f5 17. gxf6 gxf6 18. Rg3+ Kh8 19. axb5 Bxb5 20. Ng4 f5 21. Ne5 Bxe5
22. fxe5 Nd7 23. Kh1 Qd8 24. Bxd5 exd5 25. Rag1 Qe7 26. Qxf5 Raa8 27. Qh3 Rg8
28. Be1 Ba6 29. Rg4 Qf7 30. e6 1-0

[Event "BL 0910 SV Mülheim Nord - Schachfr. Ber"]
[Site "Berlin"]
[Date "2009.12.13"]
[Round "6.2"]
[White "Fridman, Daniel"]
[Black "Polzin, Rainer"]
[Result "1-0"]
[WhiteElo "2661"]
[BlackElo "2491"]
[PlyCount "123"]
[EventDate "2009.??.??"]

1. d4 Nf6 2. c4 g6 3. Nc3 Bg7 4. e4 d6 5. Nf3 O-O 6. Be2 e5 7. O-O Nc6 8. d5
Ne7 9. Ne1 Nd7 10. Nd3 f5 11. f3 f4 12. Bd2 g5 13. Rc1 Ng6 14. c5 Nf6 15. Nb5
Ne8 16. Ba5 b6 17. cxb6 axb6 18. Be1 Rxa2 19. Na3 h5 20. Qb3 Rxa3 21. Qxa3 Bd7
22. Nf2 Rf7 23. Qa6 Bf8 24. Bb5 g4 25. Bxd7 Qxd7 26. Rc3 Rg7 27. Kh1 Nh4 28.
Qc4 Qe7 29. fxg4 hxg4 30. g3 Nf6 31. gxh4 g3 32. hxg3 fxg3 33. Ng4 g2+ 34. Kxg2
Nxg4 35. Bg3 Qe8 36. Rcf3 Be7 37. Qxc7 Kh7 38. Qxb6 Qh5 39. Qa7 Bf6 40. Qa3
Bxh4 41. Rh1 Nh6 42. Rh3 Qg4 43. Qxd6 Qxe4 44. Rxh4 Qxh4 45. Qxe5 Qb4 46. Qc3
Qb7 47. Qc2+ Kg8 48. Qb3 Qd7 49. d6+ Nf7 50. Qd5 Kh7 51. Kf2 Ng5 52. Qf5+ Kg8
53. Qf8+ Kh7 54. Qf5+ Kg8 55. Qxd7 Rxd7 56. Re3 Rb7 57. Ke1 Kf8 58. Kd1 Nf7 59.
Kc2 Rd7 60. b4 Nxd6 61. Bxd6+ Rxd6 62. Kb3 1-0

[Event "BL 0910 SV Mülheim Nord - Schachfr. Ber"]
[Site "Berlin"]
[Date "2009.12.13"]
[Round "6.3"]
[White "Kraemer, Martin"]
[Black "Berelovich, Alexander"]
[Result "0-1"]
[WhiteElo "2482"]
[BlackElo "2551"]
[PlyCount "102"]
[EventDate "2009.??.??"]

1. d4 f5 2. g3 Nf6 3. Bg2 d6 4. d5 g6 5. c4 Bg7 6. Nc3 Na6 7. Nh3 Nc5 8. Be3 e5
9. dxe6 Nxe6 10. Nf4 c6 11. Qd2 O-O 12. Rd1 Ng4 13. O-O Nxe3 14. Qxe3 Nxf4 15.
Qxf4 Be5 16. Qd2 Qa5 17. Rc1 Be6 18. b3 f4 19. Ne4 Qxd2 20. Nxd2 a5 21. gxf4
Rxf4 22. e3 Rff8 23. Rcd1 Rad8 24. Ne4 Bf5 25. Ng3 Bg4 26. f3 Bc8 27. Ne4 d5
28. cxd5 cxd5 29. Nc5 b6 30. Nd3 Bc3 31. f4 Rfe8 32. Kf2 Bf5 33. Bf3 d4 34.
exd4 Rxd4 35. Nc1 Bd2 36. Ne2 Rdd8 37. Bc6 Re6 38. Bb5 Red6 39. Kf3 h5 40. Kg2
Be4+ 41. Kh3 Bf5+ 42. Kg2 Bxf4 43. Rxd6 Bxd6 44. Bc4+ Kg7 45. Ng3 Bxg3 46. Kxg3
Rd2 47. a3 Kf6 48. h4 Rd4 49. Rh1 a4 50. Kf2 axb3 51. Bxb3 b5 0-1

[Event "BL 0910 SV Mülheim Nord - Schachfr. Ber"]
[Site "Berlin"]
[Date "2009.12.13"]
[Round "6.4"]
[White "Levin, Felix"]
[Black "Schneider, Ilja"]
[Result "1/2-1/2"]
[WhiteElo "2481"]
[BlackElo "2500"]
[PlyCount "51"]
[EventDate "2009.??.??"]

1. d4 d5 2. c4 c6 3. Nf3 Nf6 4. Nc3 a6 5. a4 e6 6. g3 dxc4 7. Bg2 c5 8. dxc5
Qxd1+ 9. Nxd1 Bd7 10. Ne5 Nc6 11. Nxc4 Nd4 12. O-O Nxe2+ 13. Kh1 Bxc5 14. Be3
Nd4 15. b4 Ba7 16. b5 Nd5 17. b6 Nxb6 18. Nd6+ Ke7 19. Bxd4 Kxd6 20. Bxb7 Rab8
21. Bxa6 Nxa4 22. Bxa7 Ra8 23. Bd4 Bc6+ 24. f3 e5 25. Bxe5+ Kxe5 26. Be2
1/2-1/2

[Event "BL 0910 SV Mülheim Nord - Schachfr. Ber"]
[Site "Berlin"]
[Date "2009.12.13"]
[Round "6.6"]
[White "Saltaev, Mihail"]
[Black "Agopov, Mikail"]
[Result "1/2-1/2"]
[WhiteElo "2492"]
[BlackElo "2452"]
[PlyCount "54"]
[EventDate "2009.??.??"]

1. e4 c5 2. Nf3 d6 3. d4 cxd4 4. Nxd4 Nf6 5. Nc3 a6 6. Bc4 e6 7. a3 b5 8. Ba2
Bb7 9. f3 Nbd7 10. O-O Be7 11. Qe1 Ne5 12. Kh1 Qc8 13. Qg3 O-O 14. Bh6 Ne8 15.
f4 Nc4 16. f5 Bf6 17. fxe6 fxe6 18. Be3 Qd7 19. Rad1 Nc7 20. Bxc4 bxc4 21. Nde2
Be5 22. Bf4 Bxf4 23. Rxf4 e5 24. Rf2 Qc6 25. Rdf1 Qb6 26. Na4 Qc6 27. Nac3 Qb6
1/2-1/2

[Event "BL 0910 SV Mülheim Nord - Schachfr. Ber"]
[Site "Berlin"]
[Date "2009.12.13"]
[Round "6.7"]
[White "Thinius, Marco"]
[Black "Schebler, Gerhard"]
[Result "1/2-1/2"]
[WhiteElo "2375"]
[BlackElo "2486"]
[PlyCount "131"]
[EventDate "2009.??.??"]

1. e4 c5 2. Nf3 Nc6 3. Bb5 g6 4. Bxc6 bxc6 5. O-O Bg7 6. Re1 f6 7. c3 Nh6 8. d4
cxd4 9. cxd4 d6 10. h3 Nf7 11. b3 O-O 12. Bb2 e5 13. Nbd2 Re8 14. Qc2 Bd7 15.
Rad1 Bf8 16. Bc3 Qc7 17. dxe5 fxe5 18. Nc4 Be6 19. Ba5 Qb7 20. Bd2 Qe7 21. Re3
Qf6 22. Rde1 Rac8 23. Rc3 Bd7 24. Ne3 h5 25. Nh2 Nd8 26. Nd5 Qe6 27. Rc1 Nf7
28. Nb4 c5 29. Nd5 Bc6 30. Rg3 Kh7 31. Nf3 Be7 32. Nxe7 Qxe7 33. Bg5 Qe6 34.
Re1 Bb7 35. Be3 c4 36. b4 c3 37. Nh4 Rg8 38. Bxa7 Ra8 39. Bb6 d5 40. Bc5 d4 41.
a4 Qc4 42. Rc1 Bc6 43. a5 Rad8 44. Nf3 Bb5 45. Ne1 Qe2 46. Qxe2 Bxe2 47. h4 g5
48. hxg5 Nxg5 49. Be7 Nxe4 50. Bxd8 Rxd8 51. Rd3 Bxd3 52. Nxd3 Nd2 53. f3 Nc4
54. Kf2 Rb8 55. Ke2 Kg6 56. a6 Kf5 57. Rh1 Kg5 58. Ra1 Kf5 59. a7 Ra8 60. Ra6
e4 61. fxe4+ Kxe4 62. Rc6 Rxa7 63. Nf2+ Kf4 64. Nd3+ Ke4 65. Nf2+ Kf4 66. Nd3+
1/2-1/2

[Event "BL 0910 SV Mülheim Nord - Schachfr. Ber"]
[Site "Berlin"]
[Date "2009.12.13"]
[Round "6.8"]
[White "Litwak, Aleksej"]
[Black "Abel, Dennes"]
[Result "1/2-1/2"]
[WhiteElo "2290"]
[BlackElo "2380"]
[PlyCount "154"]
[EventDate "2009.??.??"]

1. e4 c5 2. Nf3 Nc6 3. d4 cxd4 4. Nxd4 Nf6 5. Nc3 e5 6. Ndb5 d6 7. Bg5 a6 8.
Na3 b5 9. Nd5 Be7 10. Bxf6 Bxf6 11. c3 O-O 12. Nc2 Bg5 13. a4 bxa4 14. Rxa4 a5
15. Bc4 Rb8 16. b3 Kh8 17. Nce3 g6 18. h4 Bxh4 19. g3 Bg5 20. f4 exf4 21. gxf4
Bh4+ 22. Kd2 Ne7 23. Qg1 Nxd5 24. Nxd5 Be6 25. Qh2 Bxd5 26. Bxd5 g5 27. fxg5
Bxg5+ 28. Kc2 h6 29. Raa1 Rc8 30. Raf1 a4 31. Qf2 axb3+ 32. Bxb3 Qe7 33. Qd4+
f6 34. Rf5 Kg7 35. Ra1 Rc5 36. Ra5 Rfc8 37. Raxc5 dxc5 38. Qc4 Re8 39. e5 Kh8
40. e6 Qd6 41. Rf2 Qg3 42. Qe2 Kg7 43. Qf3 Qxf3 44. Rxf3 Kg6 45. Bd5 f5 46. Kd3
h5 47. Kc4 Be7 48. Rg3+ Kf6 49. Kd3 h4 50. Rh3 Ke5 51. c4 Rb8 52. Ke2 Kf4 53.
Kf2 Rb2+ 54. Kf1 Rb1+ 55. Kg2 Kg4 56. Bf3+ Kg5 57. Bd5 Rc1 58. Rb3 Rc2+ 59. Kf1
Kf6 60. Ra3 Rb2 61. Rh3 Kg5 62. Ra3 Rd2 63. Ra7 Kf6 64. Ra3 Rd4 65. Kg2 Rg4+
66. Kf2 Rg7 67. Rb3 Kg5 68. Kg2 Kg4 69. Ra3 Bd6 70. Rb3 Rh7 71. Bf3+ Kf4 72.
Bd5 Rg7+ 73. Kh3 Be7 74. Rf3+ Ke5 75. Re3+ Kf6 76. Kxh4 Bd6 77. Kh3 Be7 1/2-1/2

[Event "BL 0910 SF Katernberg - SK König Tegel"]
[Site "Berlin"]
[Date "2009.12.13"]
[Round "6.1"]
[White "Rabiega, Robert"]
[Black "Chuchelov, Vladimir"]
[Result "1-0"]
[WhiteElo "2531"]
[BlackElo "2598"]
[PlyCount "79"]
[EventDate "2009.??.??"]

1. e4 c5 2. c3 Nf6 3. e5 Nd5 4. Nf3 e6 5. Bc4 d6 6. d4 cxd4 7. cxd4 Be7 8. O-O
O-O 9. Qe2 Nc6 10. Nc3 Nxc3 11. bxc3 dxe5 12. dxe5 Qa5 13. Bd2 Rd8 14. Rfe1 Bd7
15. Bb3 Be8 16. Qe4 g6 17. h4 Qc7 18. Qg4 Bf8 19. Bg5 Rd3 20. h5 Ne7 21. hxg6
Nxg6 22. Bf6 Bg7 23. Ng5 Bxf6 24. exf6 Qf4 25. Bxe6 Qxg4 26. Bxg4 Rxc3 27. Rad1
h6 28. Ne4 Rc7 29. Nd6 Bc6 30. Rc1 h5 31. Bf5 Nh4 32. Bh3 a6 33. Re7 Rd8 34.
Nf5 Nxf5 35. Rxc7 Nd4 36. Rc5 Ne2+ 37. Kh2 Nf4 38. Rg5+ Kf8 39. Rg7 Bd5 40. Bf5
1-0

[Event "BL 0910 SF Katernberg - SK König Tegel"]
[Site "Berlin"]
[Date "2009.12.13"]
[Round "6.2"]
[White "Firman, Nazar"]
[Black "Stern, Rene"]
[Result "1-0"]
[WhiteElo "2571"]
[BlackElo "2501"]
[PlyCount "71"]
[EventDate "2009.??.??"]

1. e4 e5 2. Nf3 Nc6 3. Bb5 a6 4. Ba4 Nf6 5. O-O Be7 6. Re1 b5 7. Bb3 O-O 8. d3
d6 9. a3 Nb8 10. Nc3 Nbd7 11. Bd2 Bb7 12. Ne2 h6 13. Ng3 Re8 14. Ba2 Bf8 15. b4
c5 16. c4 bxc4 17. dxc4 cxb4 18. axb4 a5 19. bxa5 Nc5 20. Qc2 Qc7 21. Bb1 Bc6
22. Ra3 Ra6 23. h3 Rea8 24. Nh4 Nb7 25. Rf3 Nh7 26. c5 Be8 27. Ngf5 dxc5 28.
Ba2 Nxa5 29. Bd5 R8a7 30. Qd1 Kh8 31. Rg3 Nc6 32. Nxg7 Bxg7 33. Rxg7 Kxg7 34.
Nf5+ Kg6 35. Qg4+ Ng5 36. Qh4 1-0

[Event "BL 0910 SF Katernberg - SK König Tegel"]
[Site "Berlin"]
[Date "2009.12.13"]
[Round "6.3"]
[White "Muse, Mladen"]
[Black "Bischoff, Klaus"]
[Result "1/2-1/2"]
[WhiteElo "2448"]
[BlackElo "2561"]
[PlyCount "50"]
[EventDate "2009.??.??"]

1. Nf3 c5 2. c4 Nf6 3. Nc3 e6 4. g3 b6 5. Bg2 Bb7 6. O-O Be7 7. b3 O-O 8. Bb2
d6 9. e3 Nbd7 10. d4 Ne4 11. Qc2 Nxc3 12. Bxc3 Qc7 13. Qb2 Nf6 14. Rac1 a6 15.
Rfd1 Be4 16. dxc5 bxc5 17. Ne1 Bxg2 18. Nxg2 a5 19. Bxf6 Bxf6 20. Qd2 Ra6 21.
Nf4 Rb8 22. Ne2 a4 23. Nc3 Bxc3 24. Rxc3 axb3 25. axb3 Qc6 1/2-1/2

[Event "BL 0910 SF Katernberg - SK König Tegel"]
[Site "Berlin"]
[Date "2009.12.13"]
[Round "6.4"]
[White "Glek, Igor V"]
[Black "Von Herman, Ulf"]
[Result "1-0"]
[WhiteElo "2537"]
[BlackElo "2424"]
[PlyCount "74"]
[EventDate "2009.??.??"]

1. e4 c5 2. Nf3 Nc6 3. Bb5 d6 4. O-O Bd7 5. Re1 a6 6. Bxc6 Bxc6 7. d4 cxd4 8.
Nxd4 Nf6 9. Nxc6 bxc6 10. Qf3 Qb6 11. e5 dxe5 12. Rxe5 e6 13. Nd2 Nd5 14. Nc4
Qc7 15. Bd2 Be7 16. Rae1 O-O 17. Rh5 g6 18. Rh6 Kg7 19. Ne5 Bd6 20. Nd3 e5 21.
c4 Nf4 22. Nxf4 exf4 23. Qh3 Rh8 24. g3 Raf8 25. Rh4 h5 26. Bc3+ f6 27. gxf4
Bxf4 28. Re6 Rf7 29. Qf3 g5 30. Rxh5 Rxh5 31. Qxh5 Qd7 32. Qg4 Qd3 33. Rxc6 Qe4
34. Qe6 Be5 35. Bxe5 Qb1+ 36. Kg2 Qe4+ 37. Kf1 Qd3+ 1-0

[Event "BL 0910 SF Katernberg - SK König Tegel"]
[Site "Berlin"]
[Date "2009.12.13"]
[Round "6.5"]
[White "Muse, Drazen"]
[Black "Zaragatski, Ilja"]
[Result "1/2-1/2"]
[WhiteElo "2367"]
[BlackElo "2475"]
[PlyCount "85"]
[EventDate "2009.??.??"]

1. d4 Nf6 2. Bf4 c5 3. e3 cxd4 4. exd4 Qb6 5. Nc3 d6 6. a3 g6 7. Nf3 Bg7 8. Be2
O-O 9. O-O Bg4 10. Qd2 Rc8 11. Rab1 Nc6 12. Rfd1 d5 13. h3 Bxf3 14. Bxf3 e6 15.
Na4 Qa5 16. Nc3 Nd7 17. Be3 b5 18. Be2 a6 19. Ra1 Qc7 20. a4 b4 21. Na2 a5 22.
Nc1 Ne7 23. Bd3 Nb6 24. b3 Nd7 25. Ne2 Nf6 26. Bf4 Qa7 27. Be3 Ne4 28. Bxe4
dxe4 29. c4 bxc3 30. Nxc3 f5 31. Nb5 Qd7 32. Rac1 Nd5 33. Rc4 Nb4 34. Rdc1 Rxc4
35. Rxc4 Rc8 36. Qc3 Rxc4 37. Qxc4 h6 38. Bd2 Nc6 39. Bc3 g5 40. Qc5 Qd5 41.
Qb6 f4 42. Nc7 Qd7 43. Nb5 1/2-1/2

[Event "BL 0910 SF Katernberg - SK König Tegel"]
[Site "Berlin"]
[Date "2009.12.13"]
[Round "6.7"]
[White "Jahnz, Fabian"]
[Black "Siebrecht, Sebastian"]
[Result "0-1"]
[WhiteElo "2184"]
[BlackElo "2456"]
[PlyCount "60"]
[EventDate "2009.??.??"]

1. e4 c5 2. c3 g6 3. d4 cxd4 4. cxd4 d5 5. Nc3 dxe4 6. Bc4 Bg7 7. Qb3 e6 8. d5
exd5 9. Nxd5 Nf6 10. Bg5 O-O 11. Rd1 Nbd7 12. Ne2 a6 13. O-O b5 14. Nxf6+ Bxf6
15. Bd5 Rb8 16. Bf4 Rb6 17. Be3 Qe7 18. Bxb6 Nxb6 19. Nc3 e3 20. fxe3 Be5 21.
Bf3 Be6 22. Nd5 Nxd5 23. Bxd5 Qh4 24. h3 Bxh3 25. Rxf7 Bh2+ 26. Kh1 (26. Kf1
Bg4 27. Rxf8+ Kxf8) 26... Bg4 27. Rf4+ Kg7 28. Rxg4 Qh5 29. Bf3 Rxf3 30. Qc3+
Be5+ 0-1

[Event "BL 0910 SV Wattenscheid - Werder Bremen"]
[Site "?"]
[Date "2009.12.13"]
[Round "6.1"]
[White "Efimenko, Zahar"]
[Black "Vitiugov, Nikita"]
[Result "1/2-1/2"]
[WhiteElo "2654"]
[BlackElo "2681"]
[PlyCount "125"]
[EventDate "2009.??.??"]

1. e4 e6 2. d4 d5 3. Nd2 c5 4. Ngf3 cxd4 5. exd5 Qxd5 6. Bc4 Qd6 7. O-O Nf6 8.
Nb3 Nc6 9. Nbxd4 Nxd4 10. Nxd4 a6 11. Re1 Qc7 12. Bb3 Bd7 13. Qf3 O-O-O 14. Bf4
Bd6 15. Bxd6 Qxd6 16. Rad1 Qc7 17. Re3 Kb8 18. Rc3 Qe5 19. Bc4 Ka7 20. Ra3 Qe4
21. Qc3 Rc8 22. Qb4 Qe5 23. Be2 Qc5 24. Qxc5+ Rxc5 25. b4 Rcc8 26. c4 Rhd8 27.
f4 Kb8 28. Kf2 h6 29. Nf3 Be8 30. Rxd8 Rxd8 31. Rd3 Rxd3 32. Bxd3 Kc7 33. Ne5
Nd7 34. Nxd7 Bxd7 35. Ke3 b6 36. Kd4 a5 37. bxa5 bxa5 38. Kc5 Bc6 39. g3 f6 40.
Bg6 e5 41. fxe5 fxe5 42. Bf7 Be4 43. a3 g5 44. Kb5 Bg2 45. Kxa5 e4 46. Kb4 e3
47. Kc3 Bf1 48. a4 Kb6 49. Be6 Ka6 50. c5 Ka5 51. Bd7 Ba6 52. Bc6 Bf1 53. Bf3
Ba6 54. Bg4 Bf1 55. Bf5 Ba6 56. Bh3 Bc4 57. Bc8 Kxa4 58. c6 e2 59. Kd2 Kb5 60.
c7 Kb6 61. Bg4 Kxc7 62. Bxe2 Bd5 63. Ke3 1/2-1/2

[Event "BL 0910 SV Wattenscheid - Werder Bremen"]
[Site "?"]
[Date "2009.12.13"]
[Round "6.2"]
[White "Najer, Evgeniy"]
[Black "Fressinet, Laurent"]
[Result "0-1"]
[WhiteElo "2681"]
[BlackElo "2658"]
[PlyCount "82"]
[EventDate "2009.??.??"]

1. d4 Nf6 2. c4 e6 3. Nf3 d5 4. Nc3 Bb4 5. Qa4+ Nc6 6. e3 O-O 7. Qc2 dxc4 8.
Bxc4 Bd6 9. O-O e5 10. h3 Qe7 11. a3 Bd7 12. d5 Na5 13. Bd3 c5 14. dxc6 Nxc6
15. Rd1 Rac8 16. Bd2 h6 17. Rac1 Rfd8 18. Qb1 Be6 19. Ne4 Bb3 20. Re1 Bd5 21.
Bc3 Nxe4 22. Bxe4 Bxe4 23. Qxe4 Qe6 24. g4 Bf8 25. Red1 f6 26. Kg2 Rd7 27. Nh4
Nd8 28. Qa4 Rdc7 29. Nf5 a6 30. Rd3 Nf7 31. Rcd1 b5 32. Qe4 Ng5 33. Qd5 Qxd5+
34. Rxd5 Ne4 35. Bb4 Rc2 36. Rd8 Rxf2+ 37. Kg1 Rcc2 38. Rxf8+ Kh7 39. Be1 Rg2+
40. Kf1 Rh2 41. Kg1 Ng5 0-1

[Event "BL 0910 SV Wattenscheid - Werder Bremen"]
[Site "?"]
[Date "2009.12.13"]
[Round "6.3"]
[White "Areshchenko, Alexander"]
[Black "Macieja, Bartlomiej"]
[Result "1/2-1/2"]
[WhiteElo "2667"]
[BlackElo "2618"]
[PlyCount "53"]
[EventDate "2009.??.??"]

1. e4 c5 2. Nf3 Nc6 3. d4 cxd4 4. Nxd4 g6 5. Nc3 Bg7 6. Be3 Nf6 7. Bc4 O-O 8.
Bb3 d6 9. f3 Bd7 10. h4 Nxd4 11. Bxd4 b5 12. h5 a5 13. hxg6 hxg6 14. a4 bxa4
15. Nxa4 Rb8 16. Qd2 Be6 17. Bxe6 fxe6 18. b3 Qc7 19. O-O Rfc8 20. Qe3 Rb4 21.
Bb2 Nd7 22. Rf2 Ne5 23. Qg5 Qa7 24. Kf1 Qa6+ 25. Kg1 Qa7 26. Kf1 Qa6+ 27. Kg1
1/2-1/2